01460nam a2200313 a 4500003000800000005001700008008004100025035001400066040002200080041001800102082002800120245016500148246003700313246002300350260010400373300005800477490005200535500001500587500010300602504010400705650005800809651003400867651004600901700003500947710004900982710004101031830004001072830003401112BD-RjUL20240211151549.0240211t19801943enkh b 001 0 eng  a(BD-RjUL) aHAIbengcBD-RjUL1 aengaperhper 223a352.13055bTAD 194300aTadhkirat al-muluk :ba manual of Safavid administration (circa 1137/1725) Persian text in facsimile (B.M. Or. 9496) /ctranslated and explained by V. Minorsky.33aManual of Safavid administration33aTazkirat al-muluk. aCambridge :bPublished and distributed by the Trustees of the "E.J.W. Gibb memorial",c1980, c1943. avii, 218, 130 p. :bill., tables, facsims., ;c21 cm.1 a"E.J.W. Gibb memorial" series. New series ;v16 aReprinted. a"Anonymous ... work ... presented to ... Ashraf [Afghan usurper] (1137-42/1725-9"--Introd., p. 10. aBibliographical foot-notes. Bibliography: p. 3-4. "Additional selection of literature:" p. 204-207. 4aPublic administrationzIranvHandbooks, manuals, etc. 4aIranxPolitics and government 4aIranxHistoryySafavid dynasty, 1501-17361 aMinorsky, Vladimir,d1877-19662 aBritish Museum.kManuscript.nOriental 9496.2 aE.J.W. Gibb Memorial Trust (England) 0a"E.J.W. Gibb memorial" series ;v16 0a"E.J.W. Gibb memorial" series